Southville International School and Colleges
Your cart is empty.
  • Cart
  • Lists
    Public lists Eva Luna New books Lux_list list_1
    Your lists Log in to create your own lists
  • Log in to your account
  • Your cookies
  • Search history
Southville International School and Colleges
  • Advanced search
  • Recent comments
  • Most popular
  • Libraries

Log in to your account

Log in with GOOGLE


If you do not have an external account, but do have a local account, you can still log in:

  1. Home
  2. MARC view: Information technology project management /
Normal view MARC view ISBD view

Information technology project management / (Record no. 296159)

[ view plain ]
MARC details
000 -LEADER
fixed length control field 00716nam a2200253Ia 4500
008 - FIXED-LENGTH DATA ELEMENTS--GENERAL INFORMATION
fixed length control field 160621s9999 xx 000 0 und d
020 ## - INTERNATIONAL STANDARD BOOK NUMBER
International Standard Book Number 978-1-118-09794-6
050 ## - LIBRARY OF CONGRESS CALL NUMBER
Classification number ComSc HD 69
050 ## - LIBRARY OF CONGRESS CALL NUMBER
Item number .P75M37 2013
100 ## - MAIN ENTRY--PERSONAL NAME
Personal name Marchewka, Jack T.
245 ## - TITLE STATEMENT
Title Information technology project management /
245 ## - TITLE STATEMENT
Statement of responsibility, etc Jack T. Marchewka.
260 ## - PUBLICATION, DISTRIBUTION, ETC. (IMPRINT)
Place of publication, distribution, etc England :
260 ## - PUBLICATION, DISTRIBUTION, ETC. (IMPRINT)
Name of publisher, distributor, etc John Wiley & Sons, Inc.,
260 ## - PUBLICATION, DISTRIBUTION, ETC. (IMPRINT)
Date of publication, distribution, etc 2013
300 ## - PHYSICAL DESCRIPTION
Extent 456 pages :
300 ## - PHYSICAL DESCRIPTION
Other physical details illustrations ;
300 ## - PHYSICAL DESCRIPTION
Dimensions 25 cm.
500 ## - GENERAL NOTE
General note Includes index.
650 ## - SUBJECT ADDED ENTRY--TOPICAL TERM
Topical term or geographic name as entry element Information technology -- Management.
650 ## - SUBJECT ADDED ENTRY--TOPICAL TERM
Topical term or geographic name as entry element Microsoft Project.
650 ## - SUBJECT ADDED ENTRY--TOPICAL TERM
General subdivision Project management -- Computer programs.
650 ## - SUBJECT ADDED ENTRY--TOPICAL TERM
General subdivision Project management.
Holdings
Withdrawn status Lost status Damaged status Home library Current library Shelving location Date acquired Total Checkouts Full call number Barcode Date last seen Price effective from Koha item type
      South Mansfield College South Mansfield College   02/20/2013   ComSc HD 59 .P75M37 2013 SMC05878 06/21/2016 06/21/2016  

Information technology project management /

APA

Marchewka J. T., .Information technology project management. England: .

Chicago

Marchewka Jack T, .Information technology project management. England: .

Harvard

Marchewka J. T., .Information technology project management. England: .

MLA

Marchewka Jack T, .England: . .

  • Place hold
  • Print
  • Cite
  • Add to your cart (remove)
  • Save record
    BIBTEX Dublin Core MARCXML MARC (non-Unicode/MARC-8) MARC (Unicode/UTF-8) MARC (Unicode/UTF-8, Standard) MODS (XML) RIS
  • More searches
    Search for this title in:
    Other Libraries (WorldCat) Other Databases (Google Scholar) Online Stores (Bookfinder.com) Open Library (openlibrary.org)

Exporting to Dublin Core...

SOUTHVILLE LIBRARY

Southville International School and Colleges Library

1281 Tropical Ave. Cor. Luxembourg St., BF Homes International, Las Pinas City

Tel. No. 8256374 / 252358 Loc. 117/146

Powered by Koha